Les nations du monde présentées par Yakko - Statistiques

Statistiques générales
  • Ce quiz a été pris 42 fois
  • Le résultat moyen est 75 sur 160
Statistiques - réponses
Hint Réponse % Correct
Canada
100%
Etats Unis
100%
Haïti
93%
Jamaïque
93%
Mexique
93%
et Panama
93%
et Pérou
90%
République dominicaine
79%
Salvador
79%
et Brésil
76%
Cuba
76%
Chili
72%
Equateur
72%
et puis l' Argentine
69%
Caraïbes
69%
Colombie
69%
et le Guam
69%
Venezuela
69%
Belize
66%
Bolivie
66%
Costa rica
66%
Groenland
66%
ça défile Guatemala
66%
et Guyane
66%
Honduras
66%
Nicaragua
66%
Norvège
66%
et tout Porto Rico
66%
Suède
66%
Allemagne
62%
et l' Autriche
62%
et Bahamas
62%
La française,la Barbade
62%
Bermudes
62%
Finlande
62%
Islande
62%
Paraguay
62%
San Juan
62%
Tout ça en une pièce. La Suisse
62%
Tobago
62%
Uruguay
62%
l' Italie
59%
Suriname
59%
la Tchécoslovaquie
59%
La Turquie
59%
et la Grèce
55%
et Guyana
55%
Albanie
52%
Arabie Saoudite
52%
puis Ecosse
52%
et Irak
52%
et Iran
52%
Irlande
52%
Le Liban
52%
et Oman
52%
Pologne
52%
Russie
52%
La Syrie
52%
Afghanistan
48%
Angleterre
48%
et Bahrein
48%
Belgique
48%
La Bulgarie
48%
Danemark
48%
Espagne
48%
France
48%
Inde
48%
Israël
48%
le Japon
48%
Jordanie
48%
Koweït
48%
Luxembourg
48%
et Pakistan
48%
Pays-Bas
48%
et Portugal
48%
Roumanie
48%
et Bhoutan
45%
Birmanie
45%
et Chypre
45%
la Corée
45%
Hongrie
45%
Le Yémen
45%
L' Asie
41%
la Chine
41%
le Laos
41%
et Maroc
41%
Népal
41%
les Philippines
41%
et Taiwan
41%
Thailande
41%
le Tibet
41%
Tunisie
41%
le Bangladesh
38%
Cambodge
38%
l' Indonésie
38%
et Malaisie
38%
Nouvelle-Guinée
38%
ex Sahara espagnol
38%
et Soudan
38%
Sri lanka
38%
Sumatra
38%
Zimbabwe
38%
Algérie
34%
Angola
34%
Bornéo
34%
et Botswana
34%
Djibouti
34%
et Ghana
34%
Mongolie
34%
Niger
34%
et Nigeria
34%
Ouganda
34%
Palestine
34%
le Vietnam
34%
Bénin
31%
Burundi
31%
Crète
31%
Egypte
31%
Ethiopie
31%
Fidji
31%
et Gabon
31%
et Guinée
31%
Lesotho
31%
Liechtenstein
31%
Madagascar
31%
et Malawi
31%
Malte
31%
Mauritanie
31%
Monaco
31%
Mozambique
31%
Nouvelle Zélande
31%
Rwanda
31%
Swaziland
31%
Tanzanie
31%
Togo
31%
et puis Transylvanie
31%
Congo
28%
et Gambie
28%
Hong Kong
28%
et Libéria
28%
Qatar
28%
Somalie
28%
Tchad
28%
Yougoslavie
28%
et Zaire
28%
et Zambie
28%
Abu Dhabi
24%
et Alger
24%
Australie
24%
et Cameroun
24%
Guinée-bissau
24%
Kenya
24%
et Libye
24%
et Mali
24%
Namibie
24%
Sénégal
24%
Sierra Leone
24%
Iles Caïmans
21%
Dahomey
17%
Mahoré
17%
Aucun quiz correspondant
Distribution des résultats
% des personnes avec chaque résultat
Percentile par nombre de réponses
Votre historique - résultats
Vous n’avez pas pris ce quiz